00661nam a2200205Ia 4500008004100000020001500041082001500056100001400071245002600085250000800111260002500119300000900144500002400153650001200177700003000189942000700219952010600226952010600332999001700438230524s9999 xx 000 0 und d a8176565644 a6.382bJOS aRonn Jost 0aMS-Office XP Complete a1ST aNEW DELHIbBPBc2005 a1001 aQuantity Number: 2 aComp-Sc a Kylie Johnston (Editors) cBK 00104070aTATCLbTATCLcGENd2023-05-24l0o006.382 JOSp8470r2023-05-24w2023-05-24yBKzCPEE5306 00104070aTATCLbTATCLcGENd2023-05-24l0o006.382 JOSp8473r2023-05-24w2023-05-24yBKzCPEE5306 c17659d17659